书目信息 |
| 题名: |
化学中的火眼金睛
|
|
| 作者: | 周嘉华 , 倪莉 著 | |
| 分册: | ||
| 出版信息: | 上海 上海科技教育出版社 2001.01 |
|
| 页数: | 162页 | |
| 开本: | 18cm | |
| 丛书名: | ||
| 单 册: | ||
| 中图分类: | O65-49 | |
| 科图分类: | ||
| 主题词: | 分析化学 , 分析(化学) | |
| 电子资源: | ||
| ISBN: | 7-5428-2465-1 | |
| 000 | 00686nam0 2200229 45 | |
| 001 | 0354896799 | |
| 005 | 2003022615145671 | |
| 010 | @a7-5428-2465-1@dRMB 8.00 | |
| 100 | @a20030226d2001 km y0chiy0120 ea | |
| 101 | 0 | @achi |
| 102 | @aCN@b310000 | |
| 200 | 1 | @a化学中的火眼金睛@Ahua xue zhong de huo yan jin jing@e现代分析技术@f周嘉华,倪莉著@Fzhou jia hua,ni li zhu |
| 210 | @a上海@c上海科技教育出版社@d2001.01 | |
| 215 | @a162页@d18cm | |
| 517 | @a现代分析技术@Axian dai fen xi ji shu | |
| 606 | 0 | @a分析化学 |
| 606 | 0 | @a分析(化学) |
| 690 | @aO65-49@v3 | |
| 701 | 0 | @a周嘉华@Azhou jia hua@4著 |
| 701 | 0 | @a倪莉@Ani li@4著 |
| 801 | 0 | @aCN@bPFT@c20030226 |
| 905 | @dO65-49@eZ770 | |
| 化学中的火眼金睛:现代分析技术/周嘉华,倪莉著.-上海:上海科技教育出版社,2001.01 |
| 162页;18cm |
| ISBN 7-5428-2465-1:RMB 8.00 |
| ● |
| 相关链接 |
|
|
|
正题名:化学中的火眼金睛
索取号:O65-49/Z770
 
预约/预借
| 序号 | 登录号 | 条形码 | 馆藏地/架位号 | 状态 | 备注 |
| 1 | 364438 | 203644388 | 自科库401/401自科库 65排5列1层/ [索取号:O65-49/Z770] | 在馆 | |
| 2 | 364439 | 203644397 | 材料与化工学院资料室/ [索取号:O65-49/Z770] | 在馆 | |
| 3 | 364440 | 203644404 | 自科库401/401自科库 65排5列1层/ [索取号:O65-49/Z770] | 在馆 |